Medicinal chemistry (Record no. 360875)

MARC details
000 -LEADER
fixed length control field 00527 a2200205 4500
005 - DATE & TIME
control field 20250509114000.0
008 - FIXED-LENGTH DATA ELEMENTS--GENERAL INFORMATION
fixed length control field 250508b |||||||| |||| 00| 0 eng d
020 ## - ISBN
International Standard Book Number 9789387964051
Price Rs. 795.00
040 ## - CATALOGING SOURCE
Original cataloging agency VIVEKANANDA LIBRARY
082 ## - DDC NUMBER
Classification number 615.19
Book Number R219M(2)
100 ## - MAIN ENTRY--PERSONAL NAME
Personal name Razdan, Balkishen
245 ## - TITLE STATEMENT
Title Medicinal chemistry
250 ## - EDITION STATEMENT
Edition statement 2nd
260 ## - PUBLICATION, DISTRIBUTION, ETC. (IMPRINT)
Name of publisher, distributor, etc CBS Publishers and Distributors
Date of publication, distribution, etc 2022
Place of publication, distribution, etc New Delhi
300 ## - PHYSICAL DESCRIPTION
Pages xiv, 1041
650 ## - Subject
Subject Pharmacy
650 ## - Subject
Subject Medical Chemistry
650 ## - Subject
Subject Forensic Science
942 ## - ADDED ENTRY ELEMENTS (KOHA)
Koha item type Books
Holdings
Withdrawn status Lost status Source of classification or shelving scheme Damaged status Not for loan Location (home branch) Sublocation or collection (holding branch) Shelving location Date acquired Koha issues (times borrowed) Koha full call number Accession No. Koha date last seen Koha item type
    Dewey Decimal Classification     VIVEKANANDA LIBRARY VIVEKANANDA LIBRARY Vivekananda Library 03/02/2025   615.19 R219m(2) 437022 03/02/2025 Books
© Designed and Maintained by Vivekananda Library, MDU Rohtak